Cities that hosted World Expositions - Statistics

General Stats
  • This quiz has been taken 63 times
  • The average score is 20 of 50
Answer Stats
# City % Correct
2 London
98%
1 New York City
96%
7 Paris
95%
1 Rome
86%
1 Berlin
84%
2 Chicago
82%
2 Milan
82%
4 Brussels
81%
1 Vienna
77%
2 Barcelona
74%
1 Lisbon
74%
1 Munich
70%
1 Montreal
67%
2 Stockholm
67%
1 Melbourne
63%
1 Shanghai
63%
2 San Francisco
58%
1 Naples
56%
1 Helsinki
54%
1 Lyon
51%
1 Osaka
51%
1 Vancouver
51%
1 Saint Louis
49%
1 Budapest
47%
3 Turin
47%
1 Seattle
39%
1 Philadelphia
28%
1 Brisbane
26%
1 Seville
26%
1 Lille
23%
1 Genoa
19%
1 Hanover
18%
1 Ghent
12%
1 New Orleans
12%
1 Astana
11%
1 Jerusalem
11%
2 Liège
9%
1 Knoxville
5%
1 Aichi
4%
1 Port-au-Prince
4%
1 Zaragoza
4%
1 Daejeon
2%
1 San Antonio
2%
1 Spokane
2%
1 Beit Dagan
0%
1 Helsingborg
0%
1 Okinawa
0%
3 Plovdiv
0%
1 Tsukuba
0%
1 Yeosu
0%
No matching quizzes found
Score Distribution
Percent of People with Each Score
Percentile by Number Answered
Your Score History
You have not taken this quiz